Detalles MARC
| 000 -ENCABEZADO |
| Número de control [NR] |
02753nam a2200397Ia 4500 |
| 008 - DE LONGITUD FIJA DE DATOS DE ELEMENTOS - INFORMACIÓN GENERAL |
| Elementos de longitud fija [NR] |
130821s2011 xxuao grff eng |
| 020 ## - NUMERO INTERNACIONAL NORMALIZADO PARA LIBROS [R] |
| Número Internacional Normalizado del libro [NR] |
978 1 55581 463 2 |
| 040 ## - FUENTE DE CATALOGACION [NR] |
| Agencia de catalogación original [NR] |
Co-BoUCM |
| Idioma de catalogación [NR] |
spa |
| 041 00 - CODIGO DE IDIOMA [R] |
| Código de idioma para texto/pista de sonido o título separado [R] |
Inglés |
| 060 00 - SIGNATURA TOPOGRAFICA DE LA BIBLIOTECA NACIONAL DE MEDICINA (NLM) [R] |
| Número clasificador [R] |
QW 4 |
| 245 00 - MENCION DE TITULO [NR] |
| Título [NR] |
Manual of clinical microbiology |
| Mención de responsabilidad, etc. [NR] |
editor James Versalovic ... [et al.] |
| 246 30 - FORMA VARIANTE DEL TITULO [R] |
| Título propiamente dicho/forma breve del título [NR] |
Clinical microbiology. |
| 250 ## - MENCION DE EDICION [NR] |
| Mención de edición [NR] |
10th ed. |
| 260 ## - PUBLICACION, DISTRIBUCION, ETC. (PIE DE IMPRENTA) [R] |
| Lugar de publicación, distribución, etc. [R] |
Washington D.C. (Estados Unidos) |
| Nombre del editor, distribuidor, etc. [R] |
ASM Press |
| Fecha de publicación, distribución, etc. [R] |
2011 |
| 300 ## - DESCRIPCION FISICA [R] |
| Extensión [R] |
2 volúmenes |
| Otros detalles físicos [NR] |
ilustraciones, gráficas, fotografías |
| 504 ## - NOTA DE BIBLIOGRAFIA, ETC. [R] |
| Nota de bibliografía, etc. [NR] |
|
| 505 0# - NOTA DE CONTENIDO CON FORMATO PREESTABLECIDO [R] |
| Nota de contenido con formato preestablecido [NR] |
Algoritmos para la identificación de curva en forma de espiral y bacilos Gram-negativos - Campylobacter y Arcobacter Collette Fitzgerald y Nachamkin Irving - Helicobacter - Leptospira - Borrelia - Treponema y Brachyspira, huésped humano asociada |
| 505 0# - NOTA DE CONTENIDO CON FORMATO PREESTABLECIDO [R] |
| Información miscelánea [R] |
V. 1: Introducción a la décima edición del Manual de Microbiología Clínica - Microscopía - Sistemas de detección e identificación de bacterias y levaduras - Microbiología Molecular - inmunoensayos para el Diagnóstico de Enfermedades Infecciosas |
| 505 0# - NOTA DE CONTENIDO CON FORMATO PREESTABLECIDO [R] |
| Información miscelánea [R] |
V. 2: Taxonomía y clasificación de los virus - Recogida de muestras, transporte y procesamiento: Virología - Reactivos, las manchas, los medios de comunicación, y Cultivos Celulares: Virología - Enfoques generales para la detección e identificac |
| 505 0# - NOTA DE CONTENIDO CON FORMATO PREESTABLECIDO [R] |
| State manifest and birth record (1764-1977). |
Aeromonas - Organismos Vibrio y afines - Pseudomonas - Burkholderia, Stenotrophomonas, Ralstonia, Cupriavidus, Pandoraea, Brevundimonas, Comamonas, Delftia y Acidovorax - Acinetobacter, Chryseobacterium, Moraxella, y otras bacterias Gram-negativ |
| 505 0# - NOTA DE CONTENIDO CON FORMATO PREESTABLECIDO [R] |
| State manifest and birth record (1764-1977). |
Bipolaris, Exophiala, Scedosporium, Sporothrix y otros hongos melanina - hongos que causan Eumycotic micetoma - Micotoxinas - Lacazia, Pythium, y Rhinosporidium - Métodos de pruebas de sensibilidad Agentes Antifúngicos - - Mecanismos de resisten |
| 505 0# - NOTA DE CONTENIDO CON FORMATO PREESTABLECIDO [R] |
| State manifest and birth record (1764-1977). |
Enterococcus - Aerococcus, Abiotrophia, y otros aeróbicos catalasa-negativos, cocos gram-positivos - criterios generales para la identificación de aerobios Gram-positivas Varillas - Bacillus y otros aeróbicos Endosporas formación-bacterias - Lis |
| 650 ## - ASIENTO SECUNDARIO DE MATERIA - TERMINO TEMATICO [R] |
| Término temático o nombre geográfico como elemento de entrada [NR] |
Diagnóstico microbiológico |
| Subdivisión de forma [R] |
Guías, manuales, etc. |
| 9 (RLIN) |
13150 |
| 650 ## - ASIENTO SECUNDARIO DE MATERIA - TERMINO TEMATICO [R] |
| Término temático o nombre geográfico como elemento de entrada [NR] |
Enfermedades bacterianas |
| 9 (RLIN) |
14273 |
| 650 ## - ASIENTO SECUNDARIO DE MATERIA - TERMINO TEMATICO [R] |
| Término temático o nombre geográfico como elemento de entrada [NR] |
Hongos |
| 9 (RLIN) |
17016 |
| 650 ## - ASIENTO SECUNDARIO DE MATERIA - TERMINO TEMATICO [R] |
| Término temático o nombre geográfico como elemento de entrada [NR] |
Microbiología médica |
| Subdivisión de forma [R] |
Guías, manuales, etc. |
| 9 (RLIN) |
19483 |
| 650 ## - ASIENTO SECUNDARIO DE MATERIA - TERMINO TEMATICO [R] |
| Término temático o nombre geográfico como elemento de entrada [NR] |
Microbiología |
| 9 (RLIN) |
19480 |
| 650 ## - ASIENTO SECUNDARIO DE MATERIA - TERMINO TEMATICO [R] |
| Término temático o nombre geográfico como elemento de entrada [NR] |
Parásitos |
| 9 (RLIN) |
21085 |
| 700 1# - ASIENTO SECUNDARIO - NOMBRE PERSONAL [R] |
| Nombre personal [NR] |
Carrol, Karen C. |
| Término de relación [R] |
|
| 700 1# - ASIENTO SECUNDARIO - NOMBRE PERSONAL [R] |
| Nombre personal [NR] |
Funke, Guido |
| Término de relación [R] |
|
| 700 1# - ASIENTO SECUNDARIO - NOMBRE PERSONAL [R] |
| Nombre personal [NR] |
Jorgensen, James H. |
| Término de relación [R] |
|
| 700 1# - ASIENTO SECUNDARIO - NOMBRE PERSONAL [R] |
| Nombre personal [NR] |
Landry, Marie Louise |
| Término de relación [R] |
|
| 700 1# - ASIENTO SECUNDARIO - NOMBRE PERSONAL [R] |
| Nombre personal [NR] |
Versalovic, James |
| Término de relación [R] |
|
| 710 2# - ASIENTO SECUNDARIO - NOMBRE CORPORATIVO [R] |
| Nombre corporativo o de jurisdicción como elemento de entrada [NR] |
American Society for Microbiology |
| 942 ## - ELEMENTOS DE ENTRADA AGREGADOS (KOHA) |
| Tipo de ítem principal el descrito en 300a |
Libro |
| Tema principal |
Ciencias de la salud |
| Edición |
1 |
| Parte restante de la signatura top. |
M294 |
| Sistema de clasificación |
NLM |
| Clasificación |
QW 4 |
| Título oculto en OPAC |
No |